skbl

Dr Suryya Kumar Bhuyan Library Web-OPAC
ডঃ সূৰ্য্য
কুমাৰ ভূঞা পুথিভঁৰাল ৱেব-অ'পেক

All Research Scholars are advised to clear the annual library fees to continue using Library Resources, Remote Access, Plagiarism Test and Library Clearance.

Cotton University Book Fair 2026

History of Mathematics / (Record no. 542)

MARC details
000 -LEADER
fixed length control field 00516nam a2200193Ia 4500
001 - CONTROL NUMBER
control field 544
008 - FIXED-LENGTH DATA ELEMENTS--GENERAL INFORMATION
fixed length control field 201209s1989 ii a g b000 u 465 u
020 ## - INTERNATIONAL STANDARD BOOK NUMBER
International Standard Book Number 0-471-50357-6
082 ## - DEWEY DECIMAL CLASSIFICATION NUMBER
Classification number 510.9
100 ## - MAIN ENTRY--PERSONAL NAME
Personal name Boyer, Carl B .
245 #0 - TITLE STATEMENT
Title History of Mathematics /
Statement of responsibility, etc. Carl B. Boyer.
Medium Textual Documents
250 ## - EDITION STATEMENT
Edition statement 2nd ed /
260 ## - PUBLICATION, DISTRIBUTION, ETC.
Place of publication, distribution, etc. New York :
Name of publisher, distributor, etc. John wiley & sons ,
Date of publication, distribution, etc. 1989.
300 ## - PHYSICAL DESCRIPTION
Extent 762p. :
Other physical details ill ;
Dimensions 23cm .
653 ## - INDEX TERM--UNCONTROLLED
Uncontrolled term History -Mathematics
700 ## - ADDED ENTRY--PERSONAL NAME
Personal name Merzbach, Uta C .
856 ## - ELECTRONIC LOCATION AND ACCESS
Uniform Resource Identifier <a href="8/Ref">8/Ref</a>
942 ## - ADDED ENTRY ELEMENTS (KOHA)
Source of classification or shelving scheme Dewey Decimal Classification
Koha item type Books
Holdings
Withdrawn status Lost status Damaged status Not for loan Home library Current library Date acquired Coded location qualifier Total checkouts Full call number Barcode Date last seen Copy number Price effective from Koha item type
        Dr. Suryya Kumar Bhuyan Library Dr. Suryya Kumar Bhuyan Library 01/02/2012 00000   510.9 Bo 694 Hi SL-056 13/01/2024 2 01/02/2012 Books
      Not for loan Dr. Suryya Kumar Bhuyan Library Dr. Suryya Kumar Bhuyan Library 01/02/2012 00000   510.9 Bo 694 Hi 154/MATH 13/01/2024 1 01/02/2012 Books

Designed and Maintained by Team SKBL
©1901-2026

Powered by Koha